Statistics for M Vocabulary Words Quiz #1

Click here to take the quiz!

General Stats

  • This quiz has been taken 75,387 times
  • The average score is 15 of 22

Answer Stats

DefinitionWord% Correct
Deadly mosquito-borne illnessMalaria
88%
Shooting starMeteor
87%
King or queenMonarch
86%
Where monks liveMonastery
84%
Molten rock below the groundMagma
83%
CornMaize
83%
Desert illusionMirage
80%
Meat of an older sheepMutton
75%
Illegally distilled liquorMoonshine
72%
Lower jawboneMandible
69%
Related to the Middle AgesMedieval
69%
Sea cowManatee
68%
To strand on a deserted islandMaroon
65%
Musical time-keeping deviceMetronome
65%
Deerskin shoe worn by Native AmericansMoccasin
65%
Rebellion of troops against their officersMutiny
64%
Pale purple colorMauve
60%
100% market shareMonopoly
57%
AutobiographyMemoir
53%
Muzzle-loaded gunMusket
50%
One who hoards moneyMiser
49%
Unleavened bread eaten by Jews on PassoverMatzo
35%

Score Distribution

Percentile by Number Answered

Percent of People with Each Score

Your Score History

You have not taken this quiz